Search the Library Catalogue
| 000 -LEADER | |
|---|---|
| fixed length control field | 01113nam a2200193 4500 |
| 008 - FIXED-LENGTH DATA ELEMENTS--GENERAL INFORMATION | |
| fixed length control field | 250731b |||||||| |||| 00| 0 eng d |
| 020 ## - INTERNATIONAL STANDARD BOOK NUMBER | |
| ISBN | 9780470745755 |
| Paper back/Hardbound | pbk |
| 041 ## - LANGUAGE CODE | |
| Language code of text/sound track or separate title | eng |
| 082 ## - DEWEY DECIMAL CLASSIFICATION NUMBER | |
| Classification number | 005.8 |
| Item number | SOL |
| 100 ## - MAIN ENTRY--AUTHOR NAME | |
| Personal name | Solari, Carlos Curtis |
| 245 ## - TITLE STATEMENT | |
| Title | Security In A Web 2.0+ World : A Standards Based Approach |
| Statement of responsibility, etc | /Carlos Curtis Solari |
| 260 ## - PUBLICATION, DISTRIBUTION, ETC. (IMPRINT) | |
| Place of publication | United Kindom |
| Name of publisher | John Wiley & Sons, Inc., |
| Year of publication | 2010 |
| 300 ## - PHYSICAL DESCRIPTION | |
| Number of Pages | xviii, 249p. |
| Dimensions | 23cm. |
| 504 ## - BIBLIOGRAPHY, ETC. NOTE | |
| Bibliography, etc | Includes index |
| 520 ## - SUMMARY, ETC. | |
| Summary, etc | Discover how technology is affecting your business, and why typical security mechanisms are failing to address the issue of risk and trust. Security for a Web 2.0+ World looks at the perplexing issues of cyber security, and will be of interest to those who need to know how to make effective security policy decisions to engineers who design ICT systems - a guide to information security and standards in the Web 2.0+ era. It provides an understanding of IT security in the converged world of communications technology based on the Internet Protocol. |
| 650 ## - SUBJECT ADDED ENTRY--TOPICAL TERM | |
| Topical Term | Computers Security General |
| 942 ## - ADDED ENTRY ELEMENTS (KOHA) | |
| Koha item type | English Books |
| Withdrawn status | Lost status | Damaged status | Not for loan | Home library | Current library | Shelving location | Date acquired | Full call number | Accession Number | Price effective from | Koha item type |
|---|---|---|---|---|---|---|---|---|---|---|---|
| Anna Centenary Library | Anna Centenary Library | 3RD FLOOR, A WING | 20.08.2010 | 005.8 SOL | 130007 | 20.08.2010 | English Books |